| 000 | 00503nam a2200181Ia 4500 | ||
|---|---|---|---|
| 008 | 230917s9999||||xx |||||||||||||| ||und|| | ||
| 020 | _cRS495 | ||
| 040 |
_e242031 _aMAIN |
||
| 041 | _aEnglish | ||
| 082 | _a954.01 C392E(2) | ||
| 100 | _aChattoupadhya, Brajadulal, ed. | ||
| 245 | 0 | _aEssay in ancient Indian economic history | |
| 250 | _a2nd rep. ed. | ||
| 260 |
_aDelhi _bPrimus Books _c2015 |
||
| 300 | _axvii, 240 p. | ||
| 500 | _a2848 31/08/2017 RK17/1633 08/09/2017 Main Budget | ||
| 942 | _cBK | ||
| 999 |
_c23839 _d23839 |
||